| 000 | 00805nam a22002177a 4500 | ||
|---|---|---|---|
| 003 | OSt | ||
| 005 | 20251128092418.0 | ||
| 008 | 251128b |||||||| |||| 00| 0 eng d | ||
| 020 | _a978-1-4338-1049-7 | ||
| 040 |
_aDWC-Main lib. _cOC |
||
| 082 | _aCirc. 610.76 F187g 2012 | ||
| 100 | _aFalender, Carol A. | ||
| 245 |
_aGetting the most out of clinical training and supervision : _ba guide for practicum students and interns/ _cCarol A. Falender |
||
| 260 |
_aWashington, D.C. : _bAmerican Psychological Association, _cc2012. |
||
| 300 |
_axi, 304 pages ; _c25 cm. |
||
| 504 | _aIncludes bibliographical references, appendix. | ||
| 650 | _a1. Interns (Medicine). | ||
| 650 | _a2. Clinical clerkship. | ||
| 650 | _a3. Medical students. I. Shafranske, Edward P. | ||
| 942 |
_2ddc _cBK-CIRC _kCirc. _n0 |
||
| 999 |
_c6545 _d6545 |
||